| 000 | 01241nam a22002297a 4500 | ||
|---|---|---|---|
| 999 |
_c11276 _d11276 |
||
| 003 | AR-CdUCM | ||
| 008 | 190403b ||||| |||| 00| 0 spa d | ||
| 040 |
_aMUNICIPALIDAD PROVINCIAL DEL CUSCO _cBIBLIOTECA MUNICIPAL DEL CUSCO |
||
| 082 |
_a614.88 / _bL25 / 1909 |
||
| 100 |
_aLara Molina, Modesto de _928560 |
||
| 245 |
_aPrimeros socorros que deben prestarse en toda clase de accidentes : _bPor humanidad y deber / |
||
| 260 |
_aBarcelona : _bCasa editorial maucci, _c1909. |
||
| 300 |
_a2 libros ; _bIlustraciones _c17 cm. |
||
| 500 | _aTexto conformado por dos tItulos Primer libro : Primeros socorros que deben prestarse en toda clase de accidentes. Segundo libro : Tratado popular de la tesis. | ||
| 505 | _aContenido : Primer libro : Accidentes por causas violentas -- Examen de los accidentados -- Método para desnudar a los pacientes ... Libro segundo : La tuberculosis es una enfermedad contagiosa -- Como se evita la tisis -- Como se evita la tisis (continuación) -- Como se evita la tisis (continuación) ... | ||
| 650 |
_aPrimeros _928561 |
||
| 650 |
_aAuxilios _928562 |
||
| 650 |
_aSocorros _928563 |
||
| 700 |
_aLozano Ponce de Leon, Pablo (Autor del segundo libro) _928564 |
||
| 942 |
_2ddc _cLIBROS |
||
| 945 | _arah | ||